Škola musí vychovávat mladé lidi pro komunistickou společnost /

Hlavní autor: Hendrych, Jiří, 1913-1979
Jazyk: Čeština
Vydáno: Praha : Ministerstvo školstva a kultury, 1961
Témata:
Fyzický popis: 8 s.
Knihy
Uloženo v:
LEADER 00781nam a2200193 a 4500
001 000574068
003 CZ BrMZK
005 20020206100101.0
008 010825s1961 xr f cze d
040 |a BOA001  |b cze  |c BOA001 
100 1 |a Hendrych, Jiří,  |d 1913-1979  |7 jk01040726 
245 1 0 |a Škola musí vychovávat mladé lidi pro komunistickou společnost /  |c projev čl. politbyra ÚV KSČ Jiřího Hendrycha na celostát. konf. učit. v Praze 23. srpna 1961 
260 |a Praha :  |b Ministerstvo školstva a kultury,  |c 1961 
300 |a 8 s. 
500 |a Příl. Učitelských novin, č. 35 
910 |a BOA001  |b PK-0028.798 
964 |a Výchova komunistická - projevy 
990 |a BK 
996 7 |b 3119933893  |c PK-0028.798  |l MZK  |r Sklad / do 1 hodiny  |n 2  |w 000574068  |u 000010  |a 1  |e BOA001  |j MZK50  |s A